|
|
|
|
| LEADER |
00000cam a2200000 7i4500 |
| 001 |
0000003249 |
| 005 |
20050325.0 |
| 020 |
0 |
0 |
|a 9834444565
|
| 090 |
0 |
0 |
|a 577.072059511532
|b SIM
|
| 110 |
1 |
0 |
|a Simposium Penyelidikan Ekosistem Lembangan Langat (2003)
|
| 245 |
1 |
0 |
|a Kesihatan ekosistem LembanganLangat :
|b prosiding Simposium Penyelidikan Ekosistem Lembangan Langat 2003 .
|l Ecosystem Health of Langat Basin :
|b proceedings of the 2003 Research Symposium on Ecosystem of the Langat Basin
|c disunting oleh Mazlan b. Mokhtar, Shaharudin Idrus, Sarah Aziz.
|
| 260 |
0 |
0 |
|a Bangi, Selangor :
|b Institut Alam Sekitar dan Pembangunan (LESTARI) ,
|c 2004
|
| 300 |
|
|
|a xvii, 290 p. ;
|c 23 cm.
|
| 650 |
0 |
0 |
|a Ecosystem health
|x Research
|z Selangor
|z Lembangan Langat
|y Congresses
|
| 650 |
0 |
0 |
|a Environmental health
|x Research
|z Selangor
|z Lembangan Langat
|y Congresses
|
| 650 |
0 |
0 |
|a Rural health
|x Research
|z Selangaor
|z Lembangan Langat
|y Congresses
|
| 700 |
1 |
1 |
|a Mazlin Mokhtar
|
| 700 |
1 |
1 |
|a Sarah Aziz
|
| 700 |
1 |
1 |
|a Shaharudin Idrus
|
| 710 |
1 |
1 |
|a Langat Basin ecosystem health
|
| 999 |
|
|
|a 0000006188
|b Monograph
|c Open Shelf
|e Default branch
|